Statistiques concernant Les Meilleurs Joueurs sur FIFA 23

Cliquez ici pour prendre le quiz!

Statistiques générales

  • Ce quiz a été pris 120 fois
  • Le résultat moyen est 19 sur 30

Statistiques - réponses

HintRéponse% Correct
91Lionel Messi
100%
90Cristiano Ronaldo
98%
91Kylian Mbappé
98%
88Erling Haaland
91%
91Kevin De Bruyne
87%
91Robert Lewandowski
81%
89Neymar
79%
91Karim Benzema
78%
90Thibaut Courtois
78%
90Mohamed Salah
75%
89Alisson
66%
89Sadio Mané
66%
88Luka Modric
64%
90Manuel Neuer
64%
88Toni Kroos
62%
90Virgil Van Dijk
62%
89Ederson
60%
88Bernardo Silva
59%
89Harry Kane
54%
88Marc-André Ter Stegen
54%
88Ruben Dias
54%
89Ian Oblak
53%
89Casemiro
51%
88Gianluigi Donnarumma
49%
89Joshua Kimmich
46%
88Marquinhos
44%
89N’Golo Kanté
42%
89Heug-Min Son
40%
88Joao Cancelo
29%
88Keylor Navas
22%

Distribution des résultats

Percentile par nombre de réponses

% des personnes avec chaque résultat

Votre développement - résultats

Vous n’avez pas pris ce quiz